000 00586nam a22001817a 4500
999 _c184043
_d184043
005 20220112105818.0
010 _aENG-131068
020 _a978-93-52-532-421
_c750.00
035 _aEN-114600
037 _bDBAD
082 _a510
100 _aMalhotra, O.P.
245 _aISC MATHEMATICS BOOK II:
_cO.P. MALHOTRA, S.K. GUPTA, ANUBHUTI GANGAL
_bfor Class XII/
260 _aNew Delhi
_bS Chand School Books
_c2013
270 _bNew Delhi
_aA-27, 2nd Floor, Mohan Co-operative Industrial Estate
_e110044
300 _a1468p.
_c23cm(pbk)
942 _2ddc
_cEN
_h510
_mMAL